| 000 | 01408nam0a22002651 4500 | ||
|---|---|---|---|
| 001 | rc\3368398 | ||
| 005 | 20250609221929.0 | ||
| 021 |
_aRU _b[70-36451] |
||
| 035 | _a(NLR Aleph) 007528713 | ||
| 090 |
_a7748256 _c7748256 |
||
| 100 | _a20130115d1970 |||y0rusy50 ca | ||
| 101 | 0 | _arus | |
| 102 | _aRU | ||
| 105 | _aa z ||||| | ||
| 200 | 1 |
_aИспользование изотопов и излученной в исследованиях по сельскому хозяйству _eМатериалы науч.-метод. совещания соц. стран, состоявшихся в 1968 г. _f[Ред. коллегия: чл.-кор. ВАСХНИЛ проф. С.В. Нерпин и др.] _gВсесоюз. акад. с.-х. наук им. В.И. Ленина. Агрофиз. науч.-исслед. ин-т |
|
| 210 |
_aЛенинград _cГидрометеоиздат _d1970 |
||
| 215 |
_a192 с. _cил. _d22 |
||
| 606 |
_aРадиоактивные изотопы _xПрименение в сельском хозяйстве _jСборники _2psbo |
||
| 606 |
_aИонизирующие излучения _xПрименение в сельском хозяйстве _jСборники _2psbo |
||
| 702 | 1 |
_aНерпин _bС.В. _gСергей Владимирович _4340 |
|
| 801 | 0 |
_aRU _bNLR _gpsbo |
|
| 801 | 1 |
_aRU _bELAR _2rusmarc |
|
| 852 |
_aNLR _j70-5/1500 |
||
| 942 | _cBOOK | ||
| 980 | _aNB | ||